00596cam a2200193 a 450000100100000000500170001000800410002704000180006808200180008610000680010424500410017224600150021326000300022830000210025849000330027965000200031265000350033283000350036700000641920200929153929.0920416s1969 mx 001 f spa  aDO-SdBNPcDLC aM863.4bM189r1 aMagdaleno, Mauricio.q(Mauricio Magdaleno Cardona),d1906-1986.13aEl resplandor /cMauricio Magdaleno.3 aResplandor aMéxico :bDiana,c1969. a289 p. ;c22 cm.1 aNovelistas mexicanosvno. 12 4aNovela mexicana 4aLiteratura mexicanaySIGLO XXI 0aNovelistas mexicanos ;vno. 12